00626nam a2200193Ia 4500008004100000020001500041082001900056100003300075245003000108250000800138260003600146300002900182500001900211600002700230650001500257942000700272952013800279999001500417240925s9999 xx 000 0 und d a8120309847 a621.380413 ROD aRoddy, Dennis ; Coolen, John 0aElectronic Communications a4th aLondon:bPrentice, Hallc,1995. axvii,523p.bNAfOriginal aIncludes Index aElectrical Engineering aTechnology cBK 001040708ELaUITUbUITUd1997-02-27eGulshan iqbal Karachi g393.00l0o621.380413 RODpQ0933r2024-09-25 07:12:15w2024-09-25yBK c3432d3432